Bíos : biopolítica y filosofía /

Uloženo v:
Podrobná bibliografie
Hlavní autor: Esposito, Roberto (autor)
Médium: Kniha
Jazyk:španělština
Vydáno: Buenos Aires, Argentina : Amorrortu, 2011, c2011
Edice:(Mutaciones)
Témata:
Tagy: Přidat tag
Žádné tagy, Buďte první, kdo vytvoří štítek k tomuto záznamu!

MARC

LEADER 00000nam^a2200000^a^4500
001 000396888
005 20250521000000.0
009 20260310121442.591
020 |a 978-950-518-720-1 
037 |a Acervo ITESO - Biblioteca 
041 |a ESP 
082 |a 320. 01  |b ESP 
100 |a Esposito, Roberto  |e (autor) 
245 1 0 |a Bíos :  |b biopolítica y filosofía /  |c R. Esposito. 
264 4 |a Buenos Aires, Argentina :  |b Amorrortu,  |c 2011, c2011 
300 |a 312 p. 
336 |a texto  |b txt  |2 rdacontenido 
337 |a sin mediación  |b n  |2 rdamedio 
338 |a volumen  |b nc  |2 rdasoporte 
440 1 |a (Mutaciones) 
521 |a Peticiones 2017 
649 |a XX 
650 |a Soberanía 
650 |a Derecho de Propiedad 
650 |a Libertad 
650 |a Biopolítica -  |x Tema Principal 
650 |a Filosofía Política 
650 |a Política 
910 |a Fondo General 
920 |a Impresos - Libros 
930 |a Colección General 
905 |a 101 
901 |a 0500292246  |b IT1  |c ACC  |i C156312  |u 20250521 
901 |a 0500318535  |b IT1  |c ACC  |i C162338  |u 20250521 
902 |a https://opac.biblio.iteso.mx/vufind/Record/000396888